Financial & managerial accounting : (Record no. 22142)
[ view plain ]
| 000 -LEADER | |
|---|---|
| fixed length control field | 02256cam a22003375a 4500 |
| 001 - CONTROL NUMBER | |
| control field | 016558778 |
| 003 - CONTROL NUMBER IDENTIFIER | |
| control field | Uk |
| 005 - DATE AND TIME OF LATEST TRANSACTION | |
| control field | 20201128023803.0 |
| 008 - FIXED-LENGTH DATA ELEMENTS--GENERAL INFORMATION | |
| fixed length control field | 131125s2015 nyua fr 001 0 eng|d |
| 015 ## - NATIONAL BIBLIOGRAPHY NUMBER | |
| National bibliography number | GBB3B0374 |
| Source | bnb |
| 016 7# - NATIONAL BIBLIOGRAPHIC AGENCY CONTROL NUMBER | |
| Record control number | 016558778 |
| Source | Uk |
| 020 ## - INTERNATIONAL STANDARD BOOK NUMBER | |
| International Standard Book Number | 9781259255830 |
| 020 ## - INTERNATIONAL STANDARD BOOK NUMBER | |
| International Standard Book Number | 1259255832 |
| 040 ## - CATALOGING SOURCE | |
| Original cataloging agency | StDuBDS |
| Language of cataloging | eng |
| Transcribing agency | StDuBDS |
| Modifying agency | EG-ScBUE |
| 042 ## - AUTHENTICATION CODE | |
| Authentication code | ukblsr |
| 082 04 - DEWEY DECIMAL CLASSIFICATION NUMBER | |
| Edition number | 22 |
| Classification number | 657 |
| Item number | FIN |
| 245 00 - TITLE STATEMENT | |
| Title | Financial & managerial accounting : |
| Remainder of title | the basis for business decisions / |
| Statement of responsibility, etc | Jan R. Williams ... [et al.]. |
| 246 13 - VARYING FORM OF TITLE | |
| Title proper/short title | Financial and managerial accounting |
| 250 ## - EDITION STATEMENT | |
| Edition statement | 17th ed., International student ed. |
| 260 ## - PUBLICATION, DISTRIBUTION, ETC. (IMPRINT) | |
| Place of publication, distribution, etc | New York : |
| Name of publisher, distributor, etc | McGraw-Hill Education, |
| Date of publication, distribution, etc | c.2015. |
| 300 ## - PHYSICAL DESCRIPTION | |
| Extent | xxxii, 1147 p., 77 p. in various foliations : |
| Other physical details | col. ill. ; |
| Dimensions | 28 cm. |
| 500 ## - GENERAL NOTE | |
| General note | Index : p. I- I-20. |
| 505 ## - FORMATTED CONTENTS NOTE | |
| Formatted contents note | Accounting: information for decision making -- Basic financial statements -- The accounting cycle : capturing economic events -- The accounting cycle : accruals and deferrals --<br/>The accounting cycle : reporting financial results -- Comprehensive problem I ; Merchandising activities -- Financial assets -- Inventories and the cost of goods sold -- Comprehensive problem 2; Plant and intangible assets -- Liabilities -- Stockholders' equity : paid-in capital -- Comprehensive problem 3; Income and changes in retained earnings -- Statement of cash flows -- Financial statement analysis -- Comprehensive problem 4; Global business and accounting -- Management accounting : a business partner --<br/>Job order cost systems and overhead allocations -- Process costing -- Costing and the value chain -- Cost-volume-profit analysis -- Incremental analysis -- Comprehensive problem 5;<br/>Responsibility accounting and transfer pricing -- Operational budgeting -- Standard cost systems -- Rewarding business performance -- Comprehensive problem 6; Capital budgeting. |
| 650 #7 - SUBJECT ADDED ENTRY--TOPICAL TERM | |
| Topical term or geographic name as entry element | Accounting. |
| Source of heading or term | BUEsh |
| 9 (RLIN) | 9036 |
| 650 #7 - SUBJECT ADDED ENTRY--TOPICAL TERM | |
| Topical term or geographic name as entry element | Managerial accounting. |
| Source of heading or term | BUEsh |
| 9 (RLIN) | 1343 |
| 651 ## - SUBJECT ADDED ENTRY--GEOGRAPHIC NAME | |
| Source of heading or term | BUEsh |
| 653 ## - INDEX TERM--UNCONTROLLED | |
| Resource For college | BAEPS, Business Administration |
| Arrived date list | August 2016 |
| 700 1# - ADDED ENTRY--PERSONAL NAME | |
| Personal name | Williams, Jan R. |
| 9 (RLIN) | 1508 |
| 856 ## - ELECTRONIC LOCATION AND ACCESS | |
| Uniform Resource Identifier | <a href="http://highered.mheducation.com/sites/007802577x/information_center_view0/index.html">http://highered.mheducation.com/sites/007802577x/information_center_view0/index.html</a> |
| Link text | Online learning center for students and instructors |
| 942 ## - ADDED ENTRY ELEMENTS (KOHA) | |
| Source of classification or shelving scheme | Dewey Decimal Classification |
| Edition | 22 |
| Call number prefix | 657 FIN |
| Withdrawn status | Item status | Source of classification or shelving scheme | Damaged status | Not for loan | Vendor | Home library | Current library | Shelving location | Date acquired | Source of acquisition | Cost, normal purchase price | Serial Enumeration / chronology | Total Checkouts | Full call number | Barcode | Date last seen | Cost, replacement price | Koha item type | Date last borrowed |
|---|---|---|---|---|---|---|---|---|---|---|---|---|---|---|---|---|---|---|---|
| Dewey Decimal Classification | Baccah | Central Library | Central Library | First floor | 09/08/2016 | Purchase | 480.00 | 25846 | 657 FIN | 000033133 | 15/07/2025 | 600.00 | Book - Borrowing | ||||||
| Dewey Decimal Classification | Baccah | Central Library | Central Library | First floor | 09/08/2016 | Purchase | 480.00 | 25846 | 1 | 657 FIN | 000033132 | 15/07/2025 | 600.00 | Book - Borrowing | 16/05/2018 |